| 000 | 00754nam a2200253 a 4500 | ||
|---|---|---|---|
| 001 | 13433 | ||
| 003 | BD-RjUL | ||
| 005 | 20211208235443.0 | ||
| 008 | 170612s1976 enka 001 0 eng d | ||
| 035 | _a(BD-RjUL)13484 | ||
| 040 |
_aDLC _cNjNC _dOCoLC _dUk _dDLC _dBD-RjUL _beng |
||
| 041 | _aeng | ||
| 082 |
_223 _a621.8 _bBAT 1976 |
||
| 100 | 1 |
_aBailaney, P. L. _941884 |
|
| 245 | 0 | 0 |
_aTheory of machines : _b[a textbook for engineering students] / _cby P. L. Ballaney. |
| 250 | _a 9th ed. rev. and enl. | ||
| 260 |
_aDelhi : _bKhanna Pub, _c1976. |
||
| 300 |
_axxv, 1136 p. : _bill. ; _c23 cm. |
||
| 500 | _aIncludes index. | ||
| 650 | 0 |
_aMechanical engineering _941886 |
|
| 650 | 0 |
_aMachinery _9218545 |
|
| 942 |
_2ddc _cBK |
||
| 999 |
_c13433 _d13433 |
||